The Bedford introduction to literature : (Record no. 7583)
[ view plain ]
| 000 -LEADER | |
|---|---|
| fixed length control field | 01809nam a2200193 a 4500 |
| 020 ## - INTERNATIONAL STANDARD BOOK NUMBER | |
| ISBN | 0312171404 |
| 022 ## - INTERNATIONAL STANDARD SERIAL NUMBER | |
| ISSN | 9780312171407 |
| 050 00 - CALL NUMBER | |
| Classification number | PN6014 |
| Item number | .B43 |
| 100 ## - AUTHOR | |
| Personal name | Meyer Micheal(ed.) |
| 245 04 - TITLE | |
| Title | The Bedford introduction to literature : |
| Remainder of title | reading, thinking, writing / |
| Statement of responsibility, etc | [edited by] Michael Meyer. |
| 250 ## - EDITION | |
| Edition statement | 5th ed. |
| 260 ## - PUBLICATION INFORMATION | |
| Place of publication | Boston : |
| Name of publisher | Bedford/St. Martin's, |
| Year of publication | 1999. |
| 300 ## - DESCRIPTION | |
| Number of Pages | xliii, 2188 p. : |
| Other physical details | ill. ; |
| Dimensions | 25 cm. |
| 500 ## - NOTES | |
| General note | Includes Index |
| 505 ## - FORMATTED CONTENTS NOTE | |
| Table of Content | Introduction: reading imaginative literature --<br/>Reading fiction --<br/>Writing about fiction --<br/>Plot --<br/>Character --<br/>Setting --<br/>Point of view --<br/>Symbolism --<br/>Theme --<br/>Style, tone, and irony --<br/>A study of three authors: Nathaniel Hawthorne, Flannery O'Connor, and Alice Munro --<br/>Critical case study: William Faulkner's "Barn burning" --<br/>Critical case study: James Joyce's "Eveline" --<br/>A collection of stories --<br/>Reading poetry --<br/>Writing about poetry --<br/>Word choice, word order, and tone --<br/>Images --<br/>Figures of speech --<br/>Symbol, allegory, and irony --<br/>Sounds --<br/>Patterns of rhythm --<br/>Poetic forms --<br/>Open form --<br/>A study of three poets: Emily Dickinson, Robert Frost, and Langston Hughes --<br/>Critical case study: T.S. Eliot's "The love song of J. Alfred Prufrock" --<br/>Cultural case study: Julia Alvarez's "Queens, 1963" --<br/>Reading drama --<br/>Writing about drama --<br/>A study of Sophocles --<br/>A study of William Shakespeare --<br/>Modern drama --<br/>Critical case study: Henrik Ibsen's A doll house --<br/>Experimental trends in drama --<br/>Cultural case study: David Henry Hwang's M. Butterfly --<br/>A collection of plays --<br/>Critical strategies for reading --<br/>Reading and writing --<br/>The literary research paper --<br/>Taking essay examinations. |
| 650 #0 - SUBJECTS | |
| Topical Term | Literature |
| General subdivision | Collections. |
| 650 #0 - SUBJECTS | |
| Topical Term | College readers. |
| 942 ## - ADDED ENTRY ELEMENTS (KOHA) | |
| Koha item type | Books |
| Withdrawn status | Lost status | Collection code | Home library | Current library | Shelving location | Date acquired | Full call number | Accession Number | Koha item type |
|---|---|---|---|---|---|---|---|---|---|
| Reference | Methodist University Library Main | Methodist University Library Main | General Stacks | 09/01/2014 | PN6014 .B43 | 39268 | Books |